Statistiken für Sitcom Charaktere - Teil 2

Klicken Sie hier um das Quiz zu spielen!

Allgemein

  • Dieses Quiz wurde 107 mal gespielt
  • Das Durchschnittsergebnis liegt bei 5 aus 15

Antwortstatistiken

HintAntwort% Korrekt
Ross, Rachel, Monica, Chandler, Phoebe, JoeyFriends
93%
Phil, Claire, Hailey, LukeModern Family
66%
Der HeimwerkerkönigHör mal wer da hämmert
63%
Al, Peggy, Kelly, Bud, Marcy, JeffersonEine schrecklich nette Familie
56%
Max und Caroline (immer pleite ;)2 broke girls
43%
Frankie, Mike, Axl, Brick, Sue Sue,The Middle
36%
Jim, Cheryl, Dana, AndyImmer wieder Jim
32%
Stan, Francine, Roger, Steve, KlausAmerican Dad
31%
Willie, Kate, Lynn, BrianAlf
21%
Jeff, Britta, Abed, Troy, PierceCommunity
20%
Cliff, Claire, Theo, Vanessa, Rudy, SondraCosby Show
9%
Liz Lemon, Tracy Jordan, Jack Donaghy, Jenna Maroney30 Rock
4%
Cher, Dionne , Josh, Murray, Miss GeistClueless
4%
Frank, Carol, J.T., Cody, Dana, KarenEine starke Familie
4%
Evie Ethel Garland, Donna Garland, Kyle X. ApplegateMein Vater ist ein Außerirdischer
3%

Verteilung der Resultate

Perzentil nach korrekt beantworteten Fragen

Anzahl Personen mit jedem Resultat

Ihre Resultats-Entwicklung

Sie haben dieses Quiz noch nicht gespielt